Selected cases in marketing management

Saved in:
Bibliographic Details
Main Author: Faville, David E (Author)
Format: Book
Language:English
Published: Englewood Cliffs Prentice-Hall 1961
Subjects:
Tags: Add Tag
No Tags, Be the first to tag this record!

MARC

LEADER 00000nam a2200000 a 4500
001 UCQ1842
003 CL-VaPUC
008 980721e19610000us |||||||||||||||||eng|d
082 0 4 |a 658.802  |b FAV  |2 21 
100 0 |a Faville, David E  |e author  |9 415738 
245 1 0 |a Selected cases in marketing management 
300 |a 352 p 
942 |c BK 
945 |d 19980721 00:00:00  |a cmena 
260 |a Englewood Cliffs  |b Prentice-Hall  |c 1961 
650 0 |a Administración de ventas  |9 260055 
650 0 |a Gestión   |9 260993 
650 0 |a Marketing  |9 259324 
650 7 |a PRODUCTOS  |2 CL-VaPUC  |9 338640 
650 0 |a Consumidores  |9 315658 
650 0 |a Investigación de mercado  |9 332310 
650 0 |a Publicidad  |9 314572 
650 7 |a PLANIFICACION Y CONTROL  |2 CL-VaPUC  |9 415739 
650 7 |a ESTRATEGIAS  |2 CL-VaPUC  |9 342878 
583 |a last modification  |c 20150429 04:02:34  |k Rodrigo Vera 
999 |c 272686  |d 272684 
952 |0 0  |1 0  |4 0  |6 658_802000000000000_FAV_1961  |7 0  |8 A  |9 307806  |a BIBGIM  |b BIBGIM  |d 2019-11-20  |i 1441655  |o 658.802 FAV 1961  |p 1441655  |r 2025-01-15  |w 2019-11-20  |y BK  |k COM